ပင်းတယနယ်မြေနှင့်ရွှေဥမင်ဘုရားသမိုင်း / (Record no. 14454)

000 -LEADER
fixed length control field 00749nam a2200217Ia 4500
003 - CONTROL NUMBER IDENTIFIER
control field OSt
005 - DATE AND TIME OF LATEST TRANSACTION
control field 20250218094926.0
007 - PHYSICAL DESCRIPTION FIXED FIELD--GENERAL INFORMATION
fixed length control field ca aa aaaaa
008 - FIXED-LENGTH DATA ELEMENTS--GENERAL INFORMATION
fixed length control field 201103s9999 xx 000 0 und d
040 ## - CATALOGING SOURCE
Transcribing agency SSBUL
041 ## - LANGUAGE CODE
Language code of text/sound track or separate title bur
082 ## - DEWEY DECIMAL CLASSIFICATION NUMBER
Classification number ၂၉၄.၃၄၃၅၀၉
Edition number ၂၃
Item number သီ
100 ## - MAIN ENTRY--PERSONAL NAME
Personal name သီလဝ
9 (RLIN) 15814
245 10 - TITLE STATEMENT
Title ပင်းတယနယ်မြေနှင့်ရွှေဥမင်ဘုရားသမိုင်း /
Statement of responsibility, etc. သီလဝ ။
250 ## - EDITION STATEMENT
Edition statement ဒုတိယအကြိမ် ။
300 ## - PHYSICAL DESCRIPTION
Extent ၁၆၀ စာမျက်နှာ ၊
Other physical details ပုံများ ၊
Dimensions ၁၈ စင်တီ ။
650 ## - SUBJECT ADDED ENTRY--TOPICAL TERM
Topical term or geographic name entry element ဘုရားသမိုင်း
942 ## - ADDED ENTRY ELEMENTS (KOHA)
Koha item type Books (Long term)
Source of classification or shelving scheme
Source of classification or shelving scheme
Source of classification or shelving scheme
Holdings
Withdrawn status Lost status Source of classification or shelving scheme Damaged status Not for loan Collection code Permanent Location Current Location Shelving location Date acquired Total Checkouts Total Renewals Full call number Barcode Date last seen Date last checked out Price effective from Koha item type Accession
          Myanmar Collection Shan State Buddhist University Library Shan State Buddhist University Library Myanmar Shelves 15/02/2023 1 1 ၂၉၄.၃၄၃၅၀၉ သီ ၁၁၀၈ MB00001108 19/06/2024 13/05/2024 15/02/2023 Books (Long term) ၁၁၀၈

Library - 09407999929
Admin Office - 09407999979
Dean Office - 09250910768
Registrar Office - 09892297154
Email - [email protected]
Shan State Buddhist University, Phaya Phyu Taunggyi, Shan State, Myanmar.